000 00996nam0a22002771 4500
001 rc\2781041
005 20250806210229.0
035 _a(NLR Aleph) 006907277
090 _a22559
_c22559
100 _a20110915d1942 u y0rusy50 ca
101 0 _arus
102 _aRU
105 _aa z |||||
200 1 _aИскандер-Намэ
_eДля старшего возраста
_fНизами
_gПрозаич. пересказ поэмы С. Мстиславского
_gРис. В. Бехтеева
210 _aМосква
_aЛенинград
_cДетгиз
_d1942
215 _a92, [4] с.
_cил.
_d22 см.
700 1 _aНизами
_bГ.
_fок. 1141-ок. 1209
_gГяджеви
702 1 _aБехтеев
_bВ.
_4440
702 1 _aМстиславский
_bС.
_4570
801 0 _aRU
_bNLR
_gpsbo
801 1 _aRU
_bELAR
_2rusmarc
852 _aNLR
_jДл02 Г-6/117
942 _cBOOK
945 _aРоссийская национальная библиотека
980 _aNB
980 _aBV